| 000 | 01109cam a2200313 i 4500 | ||
|---|---|---|---|
| 003 | OSt | ||
| 005 | 20210206153538.0 | ||
| 008 | 160205s2005 ck rl 001 0 spa d | ||
| 020 | _a9586534057 | ||
| 040 |
_aCO-JMCR _cCO-JMCR |
||
| 041 | 0 | _aspa | |
| 082 | 0 | 4 |
_aR 343.9861 / _bC718c _220 |
| 110 | 1 |
_aColombia _98040 |
|
| 240 | 1 | 0 | _aLeyes, etc. |
| 245 | 1 | 0 | _aCódigo penal |
| 246 | 3 | 3 | _aCódigos de procedimiento penal : Ley 906 de 2004 - Ley 600 de 2000 |
| 250 | _aPrimera edición | ||
| 264 | 1 |
_aBogotá : _bLegis, _c2005 |
|
| 300 |
_a31, 386 páginas ; _c21 cm + _e1 CD |
||
| 490 | 0 | _aCódigos básicos | |
| 500 | _aIncluye índice alfabético | ||
| 505 | 0 |
_tCódigo penal : Ley 599 de 2000. -- _tCódigos de procedimiento penal : Ley 906 de 2004. -- _tLey 600 de 2000. |
|
| 610 | 1 | 4 |
_aColombia _tLey 599 de 2000 (julio 24) _913098 |
| 610 | 1 | 4 |
_aColombia _tLey 600 de 2000 (julio 24) _913099 |
| 610 | 1 | 4 |
_aColombia _tLey 906 de 2004 (agosto 31) _913100 |
| 650 | 1 | 4 |
_aDerecho penal _xLegislación _zColombia _913101 |
| 650 | 2 | 4 |
_aProcedimiento penal _xLegislación _zColombia _913102 |
| 942 |
_2ddc _cBK |
||
| 999 |
_c7122 _d7122 |
||